000 00578nam a2200181Ia 4500
008 151018s9999 xx 000 0 und d
082 _bRBASDV24237
_a891.463
100 _aशुभांगी भडभडे
245 _aविद्रोही
250 _b1
260 _bराजेंद्र प्रकाशन ठाणे
_c1984
300 _a142
600 _aशुभांगी भडभडे
630 _aविद्रोही
700 _aशुभांगी भडभडे
730 _aविद्रोही
942 _cBOOK
999 _c1023883
_d1023880